000 00641nam a2200181Ia 4500
003 GCL
008 140319s9999 xx 000 0 ara d
040 _aGCL /
_cGCL
082 0 4 _a814.008
_bو ت
100 1 _aوضاح شرارة
245 1 0 _aتعبير الصور: مقالات فى القصص والسينما والشعر والافكار /
_cوضاح شرارة
300 _a575 ص
490 _aالهيئة العامة للاستعلامات
_v0
650 0 4 _aالادب العربى - مجموعات
650 0 4 _aالسينما - مقالات
650 0 4 _aالمقالات العربية - مجموعات
942 _2ddc
_cBK
999 _c49612
_d49612